000 00823nas a2200277 4500
001 BR2013001229
003 BR-BrBNA
005 20231205121917.0
007 ta
008 230509b bl.|||p| |||| 00| 00por d
040 _aBR-BrBNA
_bpor
_cBiblioteca Nacional de Agricultura
041 _a(Pt)
072 _aF70
100 1 _aAraújo, A.O. de
100 1 _aSouza, V.C.
100 1 _aChautems, A.
245 1 _aEstudos taxonômicos em Gloxinieae (Gesneriaceae): notas nomenclaturais
650 _aGLOXINIA
650 _aPLANTA ORNAMENTAL
650 _aTAXONOMIA VEGETAL
650 _aNOMENCLATURA
650 _aFILOGENIA
773 0 _tActa Botânica Brasilica (Brazil)
_xISSN 0102-3306
_g(oct-dec 2012), v. 26(4) p. 891-900
_wBR2013001229
909 _a202311
_bLúcia
_c55
_dLúcia Elande
942 _2AGRIS
_n0
_cANA
999 _c225894
_d225894